Biggest 'Port' Cities - Statistics

General Stats
  • This quiz has been taken 87 times
  • The average score is 6 of 20
Answer Stats
Population City % Correct
237,000 Porto
85%
1.9 mill Port au Prince
69%
364,000 Port Moresby
67%
583,000 Portland
53%
205,000 Portsmouth
44%
1.5 mill Porto Alegre
43%
312,000 Port Elizabeth
40%
267,000 Porto Novo
39%
1.4 mill Port Harcourt
27%
603,000 Port Said
27%
489,000 Port Sudan
16%
256,000 Puerto Vallarta
16%
165,000 Port St. Lucie
15%
181,000 Newport News
12%
286,000 Puerto Plata
9%
199,000 Shreveport
7%
136,000 Stockport
5%
140,000 Porto Seguro
3%
219,000 Puerto Montt
3%
250,000 Port-de-Paix
1%
No matching quizzes found
Score Distribution
Percent of People with Each Score
Percentile by Number Answered
Your Score History
You have not taken this quiz